000
00193nam a2200085 4500
001
1258967
005
20260408091220.0
245
_a
AŞKIN GÖZYAŞLARI
_c
SİNAN YAĞMUR
260
_b
KARATAY AKADEMİ
999
_c
1258967
_d
1258967